Ultimatives Harry Potter Quiz - Statistiken

Allgemein
  • Dieses Quiz wurde 519 mal gespielt
    353 seit der letzten Aktualisierung
  • Das Durchschnittsergebnis liegt bei 15 aus 25
Antwortstatistiken
Hint Antwort % Korrekt
Welche Farbe hat das fliegende Auto von Arthur Weasley? blau
88%
Wie heißt Hermines Haustier? Krummbein
85%
Wie heißt Lily Potters Schwester? Petunia Dursley
79%
Wie heißt Remus Lupins Freundin? Nymphadora Tonks
73%
Welchen Besen schenkte Sirius seinem Paten? Feuerblitz
72%
Wer vernichtete den letzten Horkrux? Neville Longbottom
72%
Wie nennt man die treuen Untertanen von Voldemort? Todesser
65%
Mit welchem Portschlüssel gelang Harry und seine Freunde zum Quidditch Finale? Stiefel
64%
Wie heißt Harrys Geburtsort? Godrics Hollow
63%
Wer unterhielt sich mit Tom Riddle über Horkruxe? Horace Slughorn
61%
Wo befindet sich der Eingang zur Kammer des Schreckens? Mädchen Toilette
61%
Was beinhaltete der Schnatz, den Harry verschluckte? Der Stein der Auferstehung
60%
Wie lautet der Kosename für Sirius Black? Tatze
60%
Welcher Horkrux von Voldemort wurde als erstes zerstört? Tom Riddles Tagebuch
59%
Was schenkte Romilda Vane Harry Potter? Schokoladen Pralinen
58%
Wie heißt Albus Dumbledores Bruder? Aberforth Dumbledore
57%
Wie heißt die Professorin des Faches Kräuterkunde? Pomona Sprout
57%
Wie heißt die Zeitung die Luna gerne liest? Der Klitterer
49%
Welcher Stein wirkt bei fast allen Giften? Bezoar
45%
Wessen Patronus nimmt die Gestalt eines Otters an? Hermine Granger
45%
Wie nennt man den Ball bei Quidditch mit dem man 10 Punkte erzielt? Quaffel
43%
Wie nannte James Potter Professor Snape während ihrer gemeinsamen Schulzeit? Schniefelus
43%
Wie heißt der Laden in dem Dumbledores Armee gegründet wurde? Eberkopf
41%
Höchste Note bei den ZAG Prüfungen? Ohnegleichen
41%
An welchem Ort fragte Harry Cho, ob sie mit ihm zum Weihnachtsball geht? Eulenturm
19%
Keine übereinstimmenden Quizze gefunden
Verteilung der Resultate
Anzahl Personen mit jedem Resultat
Perzentil nach korrekt beantworteten Fragen
Ihre Resultats-Entwicklung
Sie haben dieses Quiz seit der letzten Aktualisierung nicht gespielt